[Event "SV Günnigfeld 1 - Sport Union Annen 1"]
[Site "Verbandsklasse - Gr. 1 2019/2"]
[Date "2019.09.22"]
[Round "1.8"]
[White "Brandhoff, Gerd"]
[Black "Zadow, Ralf"]
[Result "1/2-1/2"]
[WhiteElo "1735"]
[BlackElo "1851"]
[PlyCount "68"]
[EventDate "2019.??.??"]

1. e4 c5 2. c4 g6 3. Nc3 Bg7 4. d3 d6 5. g3 Nc6 6. Bg2 Bd7 7. Nge2 a6 8. a3 Rb8
9. O-O b5 10. cxb5 axb5 11. Nd5 e6 12. Ne3 Nge7 13. Qc2 O-O 14. Bd2 Qb6 15. Bc3
Nd4 16. Bxd4 cxd4 17. Nd1 Rfc8 18. Qd2 Rc7 19. f3 Rbc8 20. Rc1 Rxc1 21. Nxc1
Rc6 22. Na2 Rc5 23. Nf2 h5 24. Nb4 Nc6 25. Na2 b4 26. axb4 Rb5 27. Rc1 Nxb4 28.
Nxb4 Rxb4 29. Rc2 Kh7 30. Nd1 Ba4 31. Rc8 Bxd1 32. Qxd1 Rxb2 33. Qa4 Qb5 34.
Qxb5 Rxb5 1/2-1/2

[Event "FS Dortmund 1 - SV Rochade Eving 1"]
[Site "Verbandsklasse - Gr. 2 2019/2"]
[Date "2019.09.22"]
[Round "1.1"]
[White "Kleibaumhüter, Klaus"]
[Black "Khess, Igor"]
[Result "1/2-1/2"]
[WhiteElo "2052"]
[BlackElo "1969"]
[Annotator "Verbandsklasse Gruppe 2 Saison 2019/20"]
[PlyCount "140"]
[EventDate "2019.??.??"]

1. Nf3 Nf6 2. c4 c5 3. Nc3 Nc6 4. d4 cxd4 5. Nxd4 Qb6 6. Nb3 d6 7. e4 Ng4 8.
Qe2 Nb4 9. Nd5 Nxd5 10. exd5 g6 11. Bd2 Bg7 12. Ba5 Qa6 13. Qd2 b6 14. c5 Qb7
15. Bb5+ Kf8 16. Bc6 Qa6 17. Bxa8 bxa5 18. cxd6 exd6 19. Rc1 Ne5 20. Rc3 Bf5
21. Nc1 Nc4 22. Qe2 Bxc3+ 23. bxc3 Qc8 24. Bc6 Ne5 25. Qb5 Kg7 26. Rf1 Nxc6 27.
Qxc6 Qxc6 28. dxc6 Rc8 29. Kd2 Rxc6 30. Nb3 Rb6 31. Nd4 Rb2+ 32. Ke3 Rxa2 33.
Nb5 d5 34. Rd1 a6 35. Nc7 Rc2 36. Nxd5 Be6 37. Nf4 Rxc3+ 38. Kd2 Ra3 39. Nxe6+
fxe6 40. Rb1 Kf6 41. Rb6 Ra2+ 42. Ke3 Ke5 43. Rxa6 Kd5 44. Ra7 Kc4 45. Rxh7 Rb2
46. Rg7 Rb6 47. Kd2 Kb3 48. Kc1 e5 49. h4 a4 50. g4 Rf6 51. Rb7+ Kc3 52. Rc7+
Kd3 53. Rd7+ Ke4 54. Ra7 Rxf2 55. Rxa4+ Kf3 56. Ra6 Kxg4 57. Rxg6+ Kf5 58. Rg8
Rh2 59. h5 Rxh5 60. Kd2 Rh2+ 61. Ke3 Rh3+ 62. Ke2 Kf4 63. Rf8+ Ke4 64. Ra8 Rh2+
65. Ke1 Ke3 66. Ra3+ Kf4 67. Ra4+ e4 68. Ra3 Rg2 69. Rb3 e3 70. Rb8 Kf3 1/2-1/2

[Event "FS Dortmund 1 - SV Rochade Eving 1"]
[Site "Verbandsklasse - Gr. 2 2019/2"]
[Date "2019.09.22"]
[Round "1.2"]
[White "Hein, Erwin"]
[Black "Michalek, Franz"]
[Result "1-0"]
[WhiteElo "1975"]
[BlackElo "1915"]
[Annotator "Verbandsklasse Gruppe 2 Saison 2019/20"]
[PlyCount "98"]
[EventDate "2019.??.??"]

1. Nf3 Nf6 2. g3 g6 3. Bg2 Bg7 4. O-O h5 5. d4 d6 6. c4 Nbd7 7. Nc3 c5 8. e4
cxd4 9. Nxd4 Ng4 10. Nd5 Nde5 11. h3 Nf6 12. Be3 O-O 13. Rc1 Bd7 14. c5 Nxd5
15. exd5 dxc5 16. Rxc5 Rc8 17. Qc2 b6 18. Rc3 Rxc3 19. Qxc3 Qc8 20. Rc1 Qxc3
21. Rxc3 Rc8 22. Nc6 Nxc6 23. dxc6 Be6 24. Ra3 Bf5 25. Rxa7 e5 26. b4 e4 27. b5
Rd8 28. c7 Rd1+ 29. Kh2 h4 30. Ra8+ Kh7 31. c8=Q hxg3+ 32. fxg3 Bxc8 33. Rxc8
f5 34. Rc7 Kg8 35. Bxb6 Be5 36. Rc8+ Kf7 37. Be3 Re1 38. Bf4 Bd4 39. h4 Bg1+
40. Kh3 Re2 41. Rc1 Bd4 42. Bf1 Rf2 43. Bc4+ Ke7 44. Re1 Rc2 45. Bb3 Rc3 46.
Re2 Rc5 47. Be3 Bxe3 48. Rxe3 Rxb5 49. g4 Kf6 1-0

[Event "FS Dortmund 1 - SV Rochade Eving 1"]
[Site "Verbandsklasse - Gr. 2 2019/2"]
[Date "2019.09.22"]
[Round "1.3"]
[White "Hornung, Rüdiger"]
[Black "Brendemühl, Bernd"]
[Result "1/2-1/2"]
[WhiteElo "1927"]
[BlackElo "1905"]
[Annotator "Verbandsklasse Gruppe 2 Saison 2019/20"]
[PlyCount "35"]
[EventDate "2019.??.??"]

1. e4 c5 2. c3 e6 3. d4 cxd4 4. cxd4 d5 5. exd5 exd5 6. Nc3 Nf6 7. Bb5+ Bd7 8.
Qe2+ Be7 9. Nf3 O-O 10. O-O Nc6 11. h3 Re8 12. Be3 Bd6 13. Qd2 Ne4 14. Qd1 Nxc3
15. bxc3 Bf5 16. Bd3 Qd7 17. Bxf5 Qxf5 18. Qb1 {(=)} 1/2-1/2

[Event "FS Dortmund 1 - SV Rochade Eving 1"]
[Site "Verbandsklasse - Gr. 2 2019/2"]
[Date "2019.09.22"]
[Round "1.4"]
[White "Grube, Jörg"]
[Black "Pahne, Dirk"]
[Result "1/2-1/2"]
[WhiteElo "1884"]
[BlackElo "1902"]
[Annotator "Verbandsklasse Gruppe 2 Saison 2019/20"]
[PlyCount "32"]
[EventDate "2019.??.??"]

1. c4 c5 2. Nc3 g6 3. g3 Bg7 4. Bg2 Nc6 5. Nf3 b6 6. d3 Bb7 7. O-O Nf6 8. Ne5
O-O 9. Nxc6 Bxc6 10. Bxc6 dxc6 11. Bf4 Ne8 12. Qd2 Nd6 13. Bh6 Re8 14. Bxg7
Kxg7 15. Rad1 Nf5 16. Qf4 Qd6 {(=)} 1/2-1/2

[Event "FS Dortmund 1 - SV Rochade Eving 1"]
[Site "Verbandsklasse - Gr. 2 2019/2"]
[Date "2019.09.22"]
[Round "1.5"]
[White "Sprungala, Erik"]
[Black "Lauche, Christoph"]
[Result "1/2-1/2"]
[WhiteElo "1833"]
[BlackElo "1769"]
[Annotator "Verbandsklasse Gruppe 2 Saison 2019/20"]
[PlyCount "113"]
[EventDate "2019.??.??"]

1. d4 c5 2. d5 Nf6 3. c4 Ne4 4. g3 Qa5+ 5. Nd2 f5 6. Bg2 g6 7. Nh3 Bg7 8. O-O
Nd6 9. e4 O-O 10. Qe2 e5 11. a3 b5 12. Nb3 Qb6 13. Be3 bxc4 14. Bxc5 Qc7 15.
Bxd6 Qxd6 16. Nd2 c3 17. Nc4 Ba6 18. Nxd6 Bxe2 19. Rfe1 cxb2 20. Rab1 Bd3 21.
Rxb2 Rf6 22. Ne8 Rb6 23. Rd2 Na6 24. Nxg7 fxe4 25. Bxe4 Bxe4 26. Rxe4 Kxg7 27.
Rxe5 Rf8 28. Re7+ Rf7 29. d6 h6 30. Nf4 Nc5 31. Rc2 Nb7 32. Rc7 Nxd6 33. Rcxd7
Rxe7 34. Rxe7+ Nf7 35. Rxa7 g5 36. Nd5 Rb1+ 37. Kg2 Rd1 38. Ne3 Ra1 39. Ng4 Kf8
40. Ra8+ Ke7 41. Ra5 Ra2 42. a4 h5 43. Ne3 Ke6 44. Ra6+ Ke5 45. Ra7 Ke6 46. h3
Nd6 47. Kf3 Nf7 48. Ra6+ Ke5 49. a5 Kd4 50. Ra8 Ne5+ 51. Kg2 Nd3 52. Rd8+ Kc3
53. Rc8+ Kb3 54. Rb8+ Kc3 55. Rc8+ Kb3 56. Rb8+ Kc3 57. Rc8+ 1/2-1/2

[Event "FS Dortmund 1 - SV Rochade Eving 1"]
[Site "Verbandsklasse - Gr. 2 2019/2"]
[Date "2019.09.22"]
[Round "1.6"]
[White "Jost, Udo"]
[Black "Krause, Dieter"]
[Result "0-1"]
[WhiteElo "1740"]
[BlackElo "1849"]
[Annotator "Verbandsklasse Gruppe 2 Saison 2019/20"]
[PlyCount "168"]
[EventDate "2019.??.??"]

1. c4 g6 2. Nf3 Bg7 3. d4 d6 4. Nc3 Bg4 5. e3 c5 6. Be2 cxd4 7. Nxd4 Bxe2 8.
Qxe2 Nc6 9. Nb3 Nf6 10. O-O O-O 11. Rd1 Qc7 12. h3 Ne5 13. Nd2 a6 14. f4 Ned7
15. Rb1 Rac8 16. b3 b5 17. Bb2 bxc4 18. Nxc4 Nb6 19. Nxb6 Qxb6 20. Na4 Qa7 21.
Kh2 Rc6 22. Rbc1 Rfc8 23. Rxc6 Rxc6 24. Bd4 Qb7 25. Qf3 Qc7 26. Rd2 e6 27. Bb2
d5 28. Be5 Qc8 29. Rd4 Ne4 30. Rxe4 dxe4 31. Qxe4 Bxe5 32. Qxe5 Qd8 33. b4 Qd6
34. Qe4 Qd5 35. Qb1 Qf5 36. Qd1 Rc2 37. Qd8+ Kg7 38. Nc5 Qd5 39. Qxd5 exd5 40.
Nxa6 Rxa2 41. Nc7 Rd2 42. b5 d4 43. exd4 Rxd4 44. Kg3 Rd3+ 45. Kf2 Rb3 46. Ke2
Kf8 47. Kd2 Ke7 48. Kc2 Rg3 49. Nd5+ Kd6 50. Nf6 Rxg2+ 51. Kc3 Kc5 52. Ne4+
Kxb5 53. Kd4 Kc6 54. Ng5 Kd6 55. Nxf7+ Ke7 56. Ng5 h6 57. Nf3 Kf6 58. Ke4 Rg3
59. h4 Rg2 60. Nd4 Ra2 61. Nf3 Re2+ 62. Kd3 Re8 63. Ne5 Kf5 64. Ke3 g5 65. Kf3
gxf4 66. Nc4 Re6 67. Nd2 Re3+ 68. Kf2 Kg4 69. Nc4 Rc3 70. Ne5+ Kxh4 71. Kg2 Re3
72. Nc4 Kg4 73. Kf2 Re6 74. Nd2 h5 75. Nf3 Re3 76. Nh2+ Kf5 77. Nf1 Ra3 78. Kg2
h4 79. Kh2 Kg4 80. Kg2 Ra2+ 81. Kh1 Kf3 82. Nh2+ Rxh2+ 83. Kg1 Ra2 84. Kh1 Kg3
0-1

[Event "FS Dortmund 1 - SV Rochade Eving 1"]
[Site "Verbandsklasse - Gr. 2 2019/2"]
[Date "2019.09.22"]
[Round "1.7"]
[White "Jähnicke, Karl-Heinz"]
[Black "Potyrala, Lukasz-Rafal"]
[Result "1-0"]
[WhiteElo "1756"]
[BlackElo "1632"]
[Annotator "Verbandsklasse Gruppe 2 Saison 2019/20"]
[PlyCount "109"]
[EventDate "2019.??.??"]

1. d4 g6 2. Nf3 Bg7 3. e3 d6 4. Bc4 e6 5. O-O Ne7 6. Nbd2 b6 7. c3 Bb7 8. Re1
O-O 9. e4 c5 10. Nf1 d5 11. exd5 Nxd5 12. dxc5 Qc7 13. Bxd5 Bxd5 14. cxb6 axb6
15. a3 Rd8 16. Be3 Nc6 17. Qe2 Ne5 18. Nxe5 Bxe5 19. Bh6 f6 20. h4 Ra4 21. g3
Re4 22. Qc2 f5 23. Rad1 Rxe1 24. Rxe1 Be4 25. Qe2 Rd3 26. Rd1 Qd6 27. Rxd3 Bxd3
28. Qf3 Be4 29. Qe2 Qc6 30. Qd2 Bf6 31. Ne3 Qc7 32. Bf4 Qc6 33. Qd6 Qb5 34.
Qb8+ Kg7 35. Qc7+ Kg8 36. Bh6 Qe8 37. Qxb6 Qe7 38. Ng2 Kf7 39. Nf4 e5 40. Qb3+
Ke8 41. Nd5 Bxd5 42. Qxd5 f4 43. c4 fxg3 44. fxg3 e4 45. Be3 Bxb2 46. Qb5+ Qd7
47. Qxb2 Qd1+ 48. Kh2 Qd3 49. Qe5+ Kd7 50. Qd4+ Kc6 51. Qxd3 exd3 52. a4 d2 53.
Bxd2 Kc5 54. a5 Kc6 55. Kg2 1-0

[Event "FS Dortmund 1 - SV Rochade Eving 1"]
[Site "Verbandsklasse - Gr. 2 2019/2"]
[Date "2019.09.22"]
[Round "1.8"]
[White "Sonntag, Hans-Joachim"]
[Black "Krams, Amatus"]
[Result "1-0"]
[WhiteElo "1680"]
[BlackElo "1718"]
[Annotator "Verbandsklasse Gruppe 2 Saison 2019/20"]
[PlyCount "61"]
[EventDate "2019.??.??"]

1. e4 e5 2. Nf3 Nc6 3. Bb5 Nge7 4. Nc3 g6 5. d4 Bg7 6. Be3 exd4 7. Nxd4 O-O 8.
Qd2 d5 9. Rd1 Ne5 10. exd5 Bf5 11. O-O h5 12. h3 Qc8 13. Kh2 c5 14. dxc6 bxc6
15. Be2 Qc7 16. f4 Nd7 17. g4 hxg4 18. hxg4 Bxd4 19. gxf5 Bxe3 20. Qxe3 Nxf5
21. Qe4 Rfe8 22. Qd3 Rad8 23. Ne4 Kg7 24. Qc3+ f6 25. Rxd7+ Rxd7 26. Qxf6+ Kh7
27. Bd3 Rg7 28. Ng5+ Kg8 29. Bc4+ Kh8 30. Rf3 Nh6 31. Rh3 1-0

[Event "SG Bochum 3 - SV Wattenscheid 3"]
[Site "Verbandsklasse - Gr. 2 2019/2"]
[Date "2019.09.22"]
[Round "1.2"]
[White "Finke, Dominik"]
[Black "Leveikina, Jevgenija"]
[Result "1/2-1/2"]
[WhiteElo "1968"]
[BlackElo "2020"]
[PlyCount "26"]
[EventDate "2019.??.??"]

1. e4 c6 2. d4 d5 3. Nd2 dxe4 4. Nxe4 Bf5 5. Ng3 Bg6 6. h4 h6 7. Nf3 e6 8. Ne5
Bh7 9. Be3 Nd7 10. Nxd7 Qxd7 11. Bd3 Bxd3 12. Qxd3 Nf6 13. c4 Bb4+ 1/2-1/2

[Event "SG Bochum 3 - SV Wattenscheid 3"]
[Site "Verbandsklasse - Gr. 2 2019/2"]
[Date "2019.09.22"]
[Round "1.3"]
[White "Dick, Matthias"]
[Black "Pilat, Fabian"]
[Result "1/2-1/2"]
[WhiteElo "1994"]
[BlackElo "1889"]
[PlyCount "24"]
[EventDate "2019.??.??"]

1. Nf3 d5 2. c4 e6 3. d4 Nf6 4. g3 Be7 5. Bg2 O-O 6. O-O dxc4 7. Ne5 c5 8. e3
Qc7 9. Qc2 cxd4 10. exd4 Rd8 11. Rd1 Nd5 12. Qxc4 Qxc4 1/2-1/2

[Event "SG Bochum 3 - SV Wattenscheid 3"]
[Site "Verbandsklasse - Gr. 2 2019/2"]
[Date "2019.09.22"]
[Round "1.4"]
[White "Gluma, Christian"]
[Black "Wolf, Ulrich"]
[Result "0-1"]
[WhiteElo "1896"]
[BlackElo "2018"]
[PlyCount "64"]
[EventDate "2019.??.??"]

1. e4 c5 2. Nf3 e6 3. d4 cxd4 4. Nxd4 a6 5. Nc3 Qc7 6. Bd3 Nf6 7. Qe2 d6 8. g4
h6 9. Be3 Nbd7 10. f4 Nc5 11. f5 e5 12. Nb3 b5 13. a3 Bb7 14. Nd2 Rc8 15. h4
Be7 16. Qg2 Nxd3+ 17. cxd3 h5 18. gxh5 Nxh5 19. Nf1 Qd8 20. Bg5 Bf6 21. Kf2 Nf4
22. Bxf4 exf4 23. h5 Qb6+ 24. Kf3 Bxc3 25. bxc3 Rxc3 26. Qe2 Qd4 27. Rd1 Rxa3
28. Kxf4 Qe5+ 29. Kg4 g6 30. Ng3 gxf5+ 31. Nxf5 Rg8+ 32. Kf3 Qxf5+ 0-1

[Event "SG Bochum 3 - SV Wattenscheid 3"]
[Site "Verbandsklasse - Gr. 2 2019/2"]
[Date "2019.09.22"]
[Round "1.5"]
[White "Thelen, Thomas"]
[Black "Prieb, Robert"]
[Result "1/2-1/2"]
[WhiteElo "2019"]
[BlackElo "1961"]
[PlyCount "44"]
[EventDate "2019.??.??"]

1. d4 Nf6 2. c4 g6 3. Nc3 d5 4. Bf4 Bg7 5. Rc1 O-O 6. e3 c6 7. Nf3 h6 8. h3 Bf5
9. Qb3 b6 10. cxd5 Nxd5 11. Nxd5 Qxd5 12. Qxd5 cxd5 13. Kd2 Nd7 14. Bd3 Bxd3
15. Kxd3 Rfc8 16. b4 b5 17. Ne5 Bxe5 18. Bxe5 a6 19. Bc7 Ra7 20. Ba5 Raa8 21.
Bc7 Ra7 22. Ba5 Raa8 1/2-1/2

[Event "SG Bochum 3 - SV Wattenscheid 3"]
[Site "Verbandsklasse - Gr. 2 2019/2"]
[Date "2019.09.22"]
[Round "1.6"]
[White "Klugstedt, Vincent C."]
[Black "Meyer, Juergen"]
[Result "0-1"]
[WhiteElo "1876"]
[BlackElo "1855"]
[PlyCount "94"]
[EventDate "2019.??.??"]

1. d4 Nf6 2. c4 e6 3. Nc3 Bb4 4. Qc2 d5 5. cxd5 Qxd5 6. Nf3 Qf5 7. Qxf5 exf5 8.
Bd2 c6 9. e3 Be6 10. Bd3 Nbd7 11. O-O h6 12. a3 Bd6 13. b4 Nb6 14. Rfc1 O-O 15.
b5 c5 16. dxc5 Bxc5 17. Nd5 Bxd5 18. Rxc5 Bxf3 19. gxf3 Rfd8 20. Rc3 Na4 21.
Bc2 Nxc3 22. Bxc3 Rdc8 23. Bxf6 Rxc2 24. Bd4 b6 25. Kg2 Rac8 26. Be5 R8c5 27.
Bb8 Rxb5 28. Bxa7 Rbb2 29. Rf1 Rc3 30. Ra1 Rxe3 31. Bxb6 Rd3 32. Bc5 Rb5 33.
Rc1 f4 34. Rc4 g5 35. Bb4 Rbd5 36. Rc8+ Kh7 37. Rc6 h5 38. Rc7 Kg6 39. Rc6+ Kf5
40. Be7 g4 41. fxg4+ hxg4 42. Bb4 Rh3 43. Rc1 f3+ 44. Kg1 Rh8 45. h4 Rxh4 46.
a4 Kg6 47. Be7 f6 0-1

[Event "SG Bochum 3 - SV Wattenscheid 3"]
[Site "Verbandsklasse - Gr. 2 2019/2"]
[Date "2019.09.22"]
[Round "1.7"]
[White "Thon, Manfred"]
[Black "Walny, Benjamin"]
[Result "1/2-1/2"]
[WhiteElo "1843"]
[BlackElo "1787"]
[PlyCount "32"]
[EventDate "2019.??.??"]

1. d4 Nf6 2. c4 g6 3. Nc3 d5 4. cxd5 Nxd5 5. e4 Nxc3 6. bxc3 Bg7 7. Nf3 O-O 8.
Bc4 c5 9. Be3 Bg4 10. Qd2 Bxf3 11. gxf3 Nc6 12. Rd1 Rc8 13. Bd5 Qa5 14. O-O
Rfd8 15. Qb2 cxd4 16. cxd4 Nb4 1/2-1/2

[Event "SG Bochum 3 - SV Wattenscheid 3"]
[Site "Verbandsklasse - Gr. 2 2019/2"]
[Date "2019.09.22"]
[Round "1.8"]
[White "Stachnik, Adam"]
[Black "Doehmann, Joerg"]
[Result "1/2-1/2"]
[WhiteElo "1801"]
[BlackElo "1768"]
[PlyCount "43"]
[EventDate "2019.??.??"]

1. e4 c6 2. Nc3 d5 3. Qe2 d4 4. Nd1 e5 5. g3 Be6 6. Bg2 Nd7 7. d3 Bd6 8. Nh3 f6
9. f4 Ne7 10. fxe5 Nxe5 11. Ndf2 Qa5+ 12. Bd2 Bb4 13. a3 Bxd2+ 14. Qxd2 Qxd2+
15. Kxd2 O-O-O 16. Nf4 Bd7 17. b4 Rhe8 18. Ne2 Be6 19. Nf4 Bd7 20. Ne2 Be6 21.
Nf4 Bd7 22. Ne2 1/2-1/2

[Event "SW Oberhausen 1 - SV Hamm 1"]
[Site "Verbandsklasse - Gr. 2 2019/2"]
[Date "2019.09.22"]
[Round "1.1"]
[White "Spyrou, Emmanouil"]
[Black "Puetter, Pascal"]
[Result "1/2-1/2"]
[WhiteElo "2145"]
[BlackElo "1983"]
[PlyCount "35"]
[EventDate "2019.??.??"]

1. d4 Nf6 2. c4 e6 3. Nc3 Bb4 4. Qc2 d5 5. Nf3 O-O 6. Bg5 h6 7. Bh4 Nbd7 8.
cxd5 exd5 9. e3 c6 10. Bd3 Re8 11. O-O Qe7 12. a3 Bd6 13. Rae1 g5 14. Bg3 Bxg3
15. hxg3 Ne4 16. Bxe4 dxe4 17. Nd2 Nf6 18. b4 1/2-1/2

[Event "SW Oberhausen 1 - SV Hamm 1"]
[Site "Verbandsklasse - Gr. 2 2019/2"]
[Date "2019.09.22"]
[Round "1.2"]
[White "Hortolani, Sven-Holger"]
[Black "Voss, Hubertus"]
[Result "1/2-1/2"]
[WhiteElo "2031"]
[BlackElo "2097"]
[PlyCount "27"]
[EventDate "2019.??.??"]

1. c4 e6 2. Nf3 b6 3. g3 Bb7 4. Bg2 Nf6 5. O-O d5 6. b3 Bd6 7. Bb2 O-O 8. Qc2
Nbd7 9. cxd5 exd5 10. d3 Re8 11. Re1 c5 12. Nbd2 Qe7 13. Rac1 Rac8 14. Qb1
1/2-1/2

[Event "SW Oberhausen 1 - SV Hamm 1"]
[Site "Verbandsklasse - Gr. 2 2019/2"]
[Date "2019.09.22"]
[Round "1.3"]
[White "Schlaap, Ralf"]
[Black "Schwerdtfeger, Joachim"]
[Result "1-0"]
[WhiteElo "2070"]
[BlackElo "1862"]
[PlyCount "93"]
[EventDate "2019.??.??"]

1. c4 Nf6 2. Nc3 e6 3. e4 d5 4. e5 Nfd7 5. d4 dxc4 6. Bxc4 Nb6 7. Bb3 c5 8. Nf3
Nc6 9. dxc5 Qxd1+ 10. Kxd1 Bxc5 11. Ne4 Be7 12. Ke2 f6 13. exf6 gxf6 14. Rd1
Bd7 15. Be3 Rd8 16. Nd6+ Bxd6 17. Rxd6 Kf7 18. Rad1 Bc8 19. Rxd8 Rxd8 20. Rxd8
Nxd8 21. Bxb6 axb6 22. Nd2 b5 23. f4 Ke7 24. Ke3 Bd7 25. Bc2 h6 26. Bd3 Nf7 27.
g3 b6 28. Kd4 Nd6 29. Be4 Nxe4 30. Nxe4 h5 31. a3 Bc6 32. Nf2 Kd6 33. Ne4+ Ke7
34. h3 Bb7 35. g4 hxg4 36. hxg4 Bc6 37. g5 fxg5 38. fxg5 Kf7 39. Ke5 Kg6 40.
Kf4 Bd5 41. Nd6 Bc6 42. b4 Bd7 43. Nb7 Bc6 44. Nd8 Bd7 45. Ke5 Kxg5 46. Nxe6+
Kg4 47. Kd6 1-0

[Event "SW Oberhausen 1 - SV Hamm 1"]
[Site "Verbandsklasse - Gr. 2 2019/2"]
[Date "2019.09.22"]
[Round "1.4"]
[White "Kuckelkorn, Joerg"]
[Black "Hufelschulte, Norbert"]
[Result "0-1"]
[WhiteElo "1887"]
[BlackElo "2005"]
[PlyCount "44"]
[EventDate "2019.??.??"]

1. f4 c5 2. Nf3 g6 3. g3 Bg7 4. Bg2 Nc6 5. d3 e6 6. e4 Nge7 7. O-O O-O 8. Nc3
d6 9. Bd2 a6 10. Rb1 Rb8 11. Ne2 b5 12. Bc3 Nd4 13. a3 a5 14. e5 Nef5 15. Qd2
Nxf3+ 16. Bxf3 b4 17. axb4 axb4 18. d4 bxc3 19. bxc3 Ba6 20. Ra1 Bxe2 21. Bxe2
cxd4 22. cxd4 dxe5 0-1

[Event "SW Oberhausen 1 - SV Hamm 1"]
[Site "Verbandsklasse - Gr. 2 2019/2"]
[Date "2019.09.22"]
[Round "1.5"]
[White "Dukic, Dalibor"]
[Black "Kyas, Jens-Stefan"]
[Result "1/2-1/2"]
[WhiteElo "2006"]
[BlackElo "1763"]
[PlyCount "38"]
[EventDate "2019.??.??"]

1. c4 e5 2. Nc3 Nf6 3. g3 d5 4. cxd5 Nxd5 5. Bg2 Be6 6. Nf3 Nc6 7. O-O Bc5 8.
Nxe5 Bxf2+ 9. Rxf2 Nxe5 10. d4 Ng4 11. Rf3 O-O 12. e4 Nxc3 13. bxc3 c6 14. h3
Ne5 15. Rf2 Nc4 16. Qe2 Qa5 17. Rf3 Rfe8 18. Qc2 Rad8 19. Bf4 Qh5 1/2-1/2

[Event "SW Oberhausen 1 - SV Hamm 1"]
[Site "Verbandsklasse - Gr. 2 2019/2"]
[Date "2019.09.22"]
[Round "1.6"]
[White "Boecker, Juergen"]
[Black "Woertler, Lars-Erik"]
[Result "0-1"]
[WhiteElo "1838"]
[BlackElo "1902"]
[PlyCount "102"]
[EventDate "2019.??.??"]

1. e4 c5 2. Nc3 g6 3. d4 cxd4 4. Qxd4 Nf6 5. e5 Nc6 6. Qf4 Nh5 7. Qe4 f5 8. Qe3
Qa5 9. Nf3 Bg7 10. Bb5 Nb4 11. Bd3 Nd5 12. Qd4 Nxc3 13. Bd2 Nb5 14. Qd5 Nf4 15.
Qxb5 Nxd3+ 16. Qxd3 Qa4 17. O-O b6 18. Qd5 Qc6 19. Qxc6 dxc6 20. Rfe1 c5 21. c4
Be6 22. b3 h6 23. Bc3 Rd8 24. Red1 Kf7 25. Kf1 g5 26. Ke2 Bc8 27. h4 g4 28. Ne1
Bb7 29. e6+ Kg6 30. Bxg7 Kxg7 31. Nd3 Rd4 32. f3 Kf6 33. Nf2 gxf3+ 34. gxf3
Rhd8 35. Rxd4 Rxd4 36. Rh1 Kxe6 37. Rh3 Kf6 38. Nd1 Bc6 39. Ne3 e6 40. Nc2 Rd7
41. Ne1 Rg7 42. Kf2 e5 43. Ng2 Rd7 44. Ke2 f4 45. Ne1 Rg7 46. Kf2 Bd7 47. Rh2
Bf5 48. a3 a5 49. Ke2 Rd7 50. Rg2 Kf7 51. Kf1 Bh3 0-1

[Event "SW Oberhausen 1 - SV Hamm 1"]
[Site "Verbandsklasse - Gr. 2 2019/2"]
[Date "2019.09.22"]
[Round "1.7"]
[White "Brieger, Sebastian"]
[Black "Matthies, Jochen"]
[Result "1/2-1/2"]
[WhiteElo "1775"]
[BlackElo "1784"]
[PlyCount "171"]
[EventDate "2019.??.??"]

1. e4 e5 2. Nf3 d6 3. d4 exd4 4. Nxd4 Nf6 5. Nc3 Be7 6. Bf4 O-O 7. Qd2 Re8 8.
O-O-O Nbd7 9. f3 Nc5 10. g4 Ne6 11. Nxe6 Bxe6 12. h4 a6 13. h5 Nd7 14. g5 Ne5
15. Qg2 f6 16. Be2 Nc4 17. Nd5 Bxd5 18. Rxd5 Nb6 19. gxf6 Bxf6 20. Rf5 Qe7 21.
Bg5 Bxg5+ 22. Rxg5 Qf6 23. Rg1 Re7 24. Kb1 Kh8 25. f4 c6 26. Bd3 Nd7 27. Rf5
Qh6 28. Rh1 Rf8 29. Rxf8+ Nxf8 30. Qg4 Nd7 31. c3 Qe6 32. Qh4 h6 33. Rg1 Qf6
34. Qh2 Nc5 35. Rg6 Qf7 36. Rxd6 Nxd3 37. Rxd3 Rxe4 38. Rd8+ Kh7 39. Qc2 Qf5
40. Rd1 Rxf4 41. Rh1 Kg8 42. Qxf5 Rxf5 43. Rh2 Kf7 44. Kc2 Kf6 45. Kd3 c5 46.
Ke4 b6 47. c4 Rg5 48. Kf4 Ke6 49. b3 Kd6 50. Ke4 Kc6 51. Rh3 b5 52. cxb5+ Kxb5
53. a3 a5 54. Kd3 Rg4 55. Kc3 a4 56. bxa4+ Kxa4 57. Kc2 Rg2+ 58. Kc3 Rg4 59.
Kc2 c4 60. Kb2 Rg5 61. Kc3 Kxa3 62. Kxc4+ Ka4 63. Rh1 Ka5 64. Kd4 Kb6 65. Ke4
Kc6 66. Kf4 Kd6 67. Rh2 Ke6 68. Rh1 Kf6 69. Rh2 Ra5 70. Kg4 Ra4+ 71. Kf3 Kf5
72. Rh1 Rf4+ 73. Ke3 Kg5 74. Rg1+ Rg4 75. Rh1 Rh4 76. Rg1+ Kf6 77. Rf1+ Ke6 78.
Rg1 Rxh5 79. Rxg7 Rg5 80. Rxg5 hxg5 81. Kf3 Kf5 82. Kg3 g4 83. Kg2 Kf4 84. Kf2
g3+ 85. Kg2 Kg4 86. Kg1 1/2-1/2

[Event "SW Oberhausen 1 - SV Hamm 1"]
[Site "Verbandsklasse - Gr. 2 2019/2"]
[Date "2019.09.22"]
[Round "1.8"]
[White "Barutta, Larissa"]
[Black "Bachmann, Rolf"]
[Result "1-0"]
[WhiteElo "1644"]
[BlackElo "1823"]
[PlyCount "33"]
[EventDate "2019.??.??"]

1. d4 f5 2. Nc3 Nf6 3. Bg5 e6 4. e4 Be7 5. exf5 exf5 6. Bc4 c6 7. Qe2 Kf8 8.
Nf3 d5 9. Bd3 Ne4 10. Bxe7+ Qxe7 11. O-O Be6 12. Rfe1 Bf7 13. Qe3 Nd7 14. Qf4
g5 15. Qxf5 Qf6 16. Qxd7 Nxf2 17. Kxf2 1-0

[Event "SC Rochade Rüttenscheid 1 - SC Listiger"]
[Site "Verbandsklasse - Gr. 2 2019/2"]
[Date "2019.09.22"]
[Round "1.1"]
[White "Kunisch, Siegfried"]
[Black "Michalek, Christoph"]
[Result "0-1"]
[WhiteElo "2033"]
[BlackElo "2058"]
[PlyCount "86"]
[EventDate "2019.??.??"]

1. e4 c5 2. g3 Nc6 3. Bg2 g6 4. f4 Bg7 5. Nf3 d6 6. d3 e5 7. O-O exf4 8. gxf4
Nge7 9. c3 d5 10. Nbd2 O-O 11. Re1 b6 12. Nf1 Bb7 13. Qe2 Ba6 14. e5 Nf5 15.
Bh3 Bc8 16. Qf2 Nce7 17. Bd2 Be6 18. a3 Qd7 19. Bg2 Qb5 20. Qe2 Rab8 21. b4 Qd7
22. Qf2 Rfc8 23. Qe2 a5 24. Reb1 a4 25. Rb2 d4 26. c4 b5 27. bxc5 bxc4 28. Rxb8
Rxb8 29. dxc4 Qc7 30. Bb4 Nc6 31. Rb1 Bh6 32. Qe4 Bxc4 33. N3d2 Bb5 34. Nc4
Nce7 35. Ba5 Qxc5 36. Nd6 Qa7 37. Bb4 Bc6 38. Nxf5 Bxe4 39. Nxe7+ Qxe7 40. Bxe7
Bxb1 41. Bc6 Bxf4 42. Bd6 Rb2 43. Ng3 Be3+ 0-1

[Event "SC Rochade Rüttenscheid 1 - SC Listiger"]
[Site "Verbandsklasse - Gr. 2 2019/2"]
[Date "2019.09.22"]
[Round "1.2"]
[White "Dorgarten, Armin"]
[Black "Klups, Christoph"]
[Result "1/2-1/2"]
[WhiteElo "1926"]
[BlackElo "1965"]
[PlyCount "78"]
[EventDate "2019.??.??"]

1. d4 Nf6 2. Bf4 d6 3. Nc3 Bf5 4. f3 h6 5. e4 Bh7 6. Bc4 Nc6 7. Nge2 e5 8. Be3
a6 9. a3 g5 10. d5 Nb8 11. g4 Ng8 12. Qd2 Ne7 13. h4 gxh4 14. O-O-O Ng6 15. f4
exf4 16. Nxf4 Ne5 17. Be2 Nbd7 18. Bf2 Be7 19. Kb1 Bg5 20. Be3 Nf6 21. Nh5 Nxh5
22. gxh5 f6 23. Rdf1 Qd7 24. Bd3 O-O 25. Ne2 Qa4 26. Nc3 Qe8 27. Ne2 Qxh5 28.
Nf4 Qf7 29. Ne6 Qe7 30. Qg2 Kh8 31. Bf2 Rg8 32. Qh3 c5 33. Bxh4 c4 34. Bxg5
fxg5 35. Be2 Rg6 36. Bh5 Rf6 37. Rxf6 Qxf6 38. Rf1 Qe7 39. Be2 Rg8 1/2-1/2

[Event "SC Rochade Rüttenscheid 1 - SC Listiger"]
[Site "Verbandsklasse - Gr. 2 2019/2"]
[Date "2019.09.22"]
[Round "1.3"]
[White "Mandl, Stefan"]
[Black "Koprek, Juergen"]
[Result "1/2-1/2"]
[WhiteElo "1929"]
[BlackElo "1882"]
[PlyCount "67"]
[EventDate "2019.??.??"]

1. e4 e6 2. Nf3 d5 3. e5 c5 4. b4 d4 5. Bb2 Qb6 6. a3 Nc6 7. b5 Nce7 8. a4 Nh6
9. Na3 Nd5 10. c3 dxc3 11. dxc3 Be7 12. g3 O-O 13. Bg2 Rd8 14. Qe2 a6 15. O-O
Bd7 16. Rfd1 Be8 17. Nd2 axb5 18. axb5 Nf5 19. Ne4 Qc7 20. Nd2 Rd7 21. Ndc4
Rad8 22. Nc2 Nb6 23. Nxb6 Qxb6 24. c4 Nd4 25. Bxd4 cxd4 26. Ne1 Rc7 27. Be4
Rdc8 28. Bd3 f5 29. exf6 Bxf6 30. Nf3 Bh5 31. h3 Bxf3 32. Qxf3 e5 33. Qe4 g6
34. Kg2 1/2-1/2